=LDR 00000nam 2200000 4500 =001 INLIS000000000000467 =005 20150316142544.0 =006 =007 =008 Ind =035 ##$$0010-061300000000467 =041 ##$$a Ind =082 ##$$a 301 =090 ##$$a 301 Zei m =100 ##$$a Zeitlin, Irving M =245 ##$$a Memahami kembali sosiologi, kritik terhadap teori sosiologi kontemporer / Irving M. Zeitlin; Penerjemah Anshori =260 ##$$a Yogyakarta $b Gajah Mada University Press $c 19958 =300 ##$$a x, 407 hlm. ; 22 cm =650 ##$$a Sosilogi =700 ##$$a Anshori =850 ##$$a NBPNMAT